[Event "4th Kolkata Open"]
[Site "Kolkata IND"]
[Date "2009.09.01"]
[Round "1"]
[White "Ni Hua"]
[Black "Sangma,R"]
[Result "1/2-1/2"]
[WhiteElo "2692"]
[BlackElo "2386"]
[EventDate "2009.09.01"]

1. e4 e5 2. Nf3 Nc6 3. Bb5 Nf6 4. Nc3 Bd6 5. d3 a6 6. Bc4 b5 7. Bb3 Bc5 8.
a4 b4 9. Nd5 h6 10. Be3 d6 11. O-O Be6 12. Bxc5 dxc5 13. Nxf6+ Qxf6 14.
Bxe6 Qxe6 15. Nd2 Na5 16. b3 O-O 17. Qh5 Rad8 18. f4 c4 19. Nxc4 Nxc4 20.
bxc4 b3 21. Qxe5 Qxe5 22. fxe5 bxc2 23. Ra3 Rd7 24. Kf2 f5 25. Ke3 fxe4 26.
Rc1 exd3 27. Rxd3 Re7 28. Rd5 Rf5 29. Ke4 Rf2 30. Kd3 Rf5 31. Kd4 Rf2 32.
Kc3 Re2 33. Rxc2 R7xe5 34. Rxe2 Rxe2 35. Rd2 Rxd2 36. Kxd2 c5 37. Ke3 Kf7
38. g4 a5 39. Kf4 Kf6 40. Ke4 Ke6 41. h4 g6 42. Kf4 Kf6 43. Ke4 Ke6 44. Kf4
Kf6 45. g5+ hxg5+ 46. hxg5+ Ke6 47. Ke4 Kd6 1/2-1/2

[Event "4th Kolkata Open"]
[Site "Kolkata IND"]
[Date "2009.09.01"]
[Round "1"]
[White "Priyadharshan,K"]
[Black "Tkachiev,V"]
[Result "1/2-1/2"]
[WhiteElo "2379"]
[BlackElo "2669"]
[EventDate "2009.09.01"]

1. Nf3 d6 2. e4 Nf6 3. Nc3 g6 4. d4 Bg7 5. Be3 a6 6. Qd2 b5 7. Bd3 O-O 8.
a4 Bb7 9. axb5 axb5 10. Rxa8 Bxa8 11. Bxb5 Nxe4 12. Nxe4 Bxe4 13. Be2 Nd7
14. O-O Qa8 15. b4 Rb8 16. c4 Qa4 17. Ng5 Bb7 18. Rc1 h6 19. Nh3 Kh7 20.
Nf4 Nf6 21. b5 Ra8 22. Qc2 Qxc2 23. Rxc2 g5 24. Nd3 Be4 25. f3 Bg6 26. Kf2
Ra3 27. Rd2 Rb3 28. Nc1 Rb1 29. Ra2 Ne8 30. Bd3 Bxd3 31. Nxd3 d5 32. cxd5
Rxb5 33. Ne5 Bxe5 34. dxe5 Rxd5 35. f4 gxf4 36. Bxf4 Ng7 37. Rd2 c6 38.
Rxd5 cxd5 39. g4 h5 40. Bg5 hxg4 41. Kg3 f6 42. exf6 exf6 43. Bd2 f5 44.
Kf4 Kg6 45. Ke5 d4 46. Kxd4 Kf6 47. Kd5 Nh5 48. Bc3+ Kg6 49. Ke5 Nf6 50.
Bd2 Ne4 51. Be3 Ng5 52. Kf4 Nh3+ 53. Ke5 Ng5 54. Kf4 Ne4 55. Ke5 Nc3 56.
Kd4 Nd1 57. Bf4 Kf6 58. Kd3 Nf2+ 59. Ke3 Nh3 60. Bc7 Ke6 61. Bb8 Ng5 62.
Kf4 Kf6 63. Bd6 Ne6+ 64. Kg3 Ng5 65. Kf4 Nh3+ 66. Ke3 Kg5 67. Be7+ Kg6 68.
Bd6 Kf7 69. Bb8 Kf6 70. Bc7 Ke7 71. Bb8 Ng5 72. Kf4 Kf6 73. Be5+ Ke6 74.
Bb8 Nh3+ 75. Ke3 Kd5 76. Bc7 Ng1 77. Kf4 Ke6 78. Bb8 Ne2+ 79. Kg5 Nd4 80.
Kf4 Nc6 81. Bc7 Nb4 82. Kg3 Nd5 83. Bb8 Nc3 84. h3 Ne2+ 85. Kg2 gxh3+ 86.
Kxh3 Kd5 87. Kg2 Ke4 88. Kf2 Nf4 89. Bd6 Nd3+ 90. Ke2 Ne5 91. Bxe5 1/2-1/2

[Event "4th Kolkata Open"]
[Site "Kolkata IND"]
[Date "2009.09.01"]
[Round "1"]
[White "Guseinov,G"]
[Black "Saravanan,V1"]
[Result "1-0"]
[WhiteElo "2667"]
[BlackElo "2371"]
[EventDate "2009.09.01"]

1. e4 c5 2. Nc3 d6 3. Nf3 Nf6 4. d4 cxd4 5. Nxd4 a6 6. Bg5 e6 7. f4 Qc7 8.
Qe2 Nc6 9. O-O-O Nxd4 10. Rxd4 Be7 11. g4 h6 12. Bh4 g5 13. Rc4 Qd8 14. e5
Nd5 15. exd6 Nxf4 16. Rxf4 Qxd6 17. Rxf7 Kxf7 18. Bg3 Qb6 19. Bg2 Bd7 20.
Qd3 Be8 21. Rf1+ Kg8 22. Nd5 Qd8 23. Nxe7+ Qxe7 24. Bd6 Qg7 25. Rf8+ Qxf8
26. Bxf8 Kxf8 27. Bxb7 Ra7 28. Qd4 1-0

[Event "4th Kolkata Open"]
[Site "Kolkata IND"]
[Date "2009.09.01"]
[Round "1"]
[White "Thakur,Ak"]
[Black "Postny,E"]
[Result "1/2-1/2"]
[WhiteElo "2363"]
[BlackElo "2651"]
[EventDate "2009.09.01"]

1. e4 e5 2. Nf3 Nc6 3. d4 exd4 4. Nxd4 Nf6 5. Nc3 Bb4 6. Nxc6 bxc6 7. Bd3
d6 8. O-O Ng4 9. h3 Ne5 10. Be3 O-O 11. f4 Nxd3 12. cxd3 d5 13. Na4 Ba6 14.
e5 d4 15. Bd2 Be7 16. Qc2 Qd5 17. b4 Rab8 18. a3 c5 19. Nxc5 Bxc5 20. Qxc5
Qxc5 21. bxc5 Bxd3 22. Rf2 Rb5 23. a4 Rb7 24. Ba5 Ba6 25. c6 Rb3 26. Rc1
Rc8 27. Rc5 Ra3 28. f5 Rxa4 29. e6 Kf8 30. Rd5 fxe6 31. fxe6+ Ke7 32. Rd7+
Kxe6 33. Bxc7 Bb5 34. Rff7 Bxc6 35. Rfe7+ Kf5 36. g4+ Kg6 37. Rxg7+ Kf6 38.
Rgf7+ Kg6 39. Rg7+ 1/2-1/2

[Event "4th Kolkata Open"]
[Site "Kolkata IND"]
[Date "2009.09.01"]
[Round "1"]
[White "Aleksandrov,A"]
[Black "Udeshi,A"]
[Result "1-0"]
[WhiteElo "2639"]
[BlackElo "2363"]
[EventDate "2009.09.01"]

1. d4 Nf6 2. c4 e6 3. Nc3 Bb4 4. e3 O-O 5. Nge2 d5 6. a3 Bd6 7. cxd5 exd5
8. g3 c6 9. Bg2 a5 10. O-O Na6 11. Bd2 Re8 12. Qc2 Be6 13. f3 c5 14. Nb5
Bf8 15. dxc5 Nxc5 16. b4 axb4 17. axb4 Na6 18. Qb2 Qb6 19. Nbd4 Bd7 20.
Rfb1 Nc7 21. Bf1 Nb5 22. Nxb5 Bxb5 23. Qd4 Qe6 24. Ra5 Qf5 25. Rba1 Qxf3
26. Rxa8 Rxa8 27. Rxa8 Ne4 28. Be1 Bxe2 29. Bg2 Qf5 30. Qb6 Qg5 31. Bxe4
dxe4 32. Qc5 Qxc5 33. bxc5 1-0

[Event "4th Kolkata Open"]
[Site "Kolkata IND"]
[Date "2009.09.01"]
[Round "1"]
[White "Abu Sufian,S"]
[Black "Ganguly,S"]
[Result "0-1"]
[WhiteElo "2362"]
[BlackElo "2634"]
[EventDate "2009.09.01"]

1. e4 e6 2. d4 d5 3. Nc3 Bb4 4. e5 c5 5. a3 Bxc3+ 6. bxc3 Ne7 7. Qg4 Qc7 8.
Qxg7 Rg8 9. Qxh7 cxd4 10. Ne2 Nbc6 11. f4 Bd7 12. Qd3 dxc3 13. Qxc3 O-O-O
14. Rb1 Kb8 15. Rg1 Bc8 16. g4 b6 17. Be3 Rh8 18. Bc5 d4 19. Qg3 Nd5 20.
Bd6 Rxd6 21. exd6 Qxd6 22. Rd1 Qc5 23. Bg2 Ba6 24. Bxd5 exd5 25. Rd2 Re8
26. Rg2 Na5 27. f5+ Kb7 28. g5 Nc4 29. g6 Qa5 30. Qf4 Re4 31. g7 Rxf4 32.
Nxf4 Nxd2 33. Rxd2 Qxa3 34. Nd3 Qe7+ 35. Kf1 Qg5 36. Ke1 Qg1+ 0-1

[Event "4th Kolkata Open"]
[Site "Kolkata IND"]
[Date "2009.09.01"]
[Round "1"]
[White "Laznicka,V"]
[Black "Ramnath,B"]
[Result "1-0"]
[WhiteElo "2634"]
[BlackElo "2357"]
[EventDate "2009.09.01"]

1. d4 Nf6 2. Nf3 g6 3. c4 Bg7 4. Nc3 d6 5. e4 O-O 6. Be2 e5 7. O-O Nc6 8.
d5 Ne7 9. Ne1 Nd7 10. f3 f5 11. g4 f4 12. h4 a5 13. Bd2 Bf6 14. Ng2 Nc5 15.
Be1 Bd7 16. Bf2 Nc8 17. b3 Nb6 18. Rb1 Be7 19. Qd2 Rf7 20. Bd1 Rf8 21. Qe2
Rf7 22. a3 Qf8 23. Be1 Qd8 24. Na2 Qf8 25. Nc1 Kh8 26. b4 axb4 27. axb4
Nca4 28. Nb3 Qc8 29. Qc2 c5 30. bxc5 dxc5 31. Rf2 Qc7 32. Nc1 Rff8 33. Nd3
Bd6 34. Qc1 Ra6 35. Re2 Kg8 36. Bb3 Raa8 37. Bd2 Rfe8 38. Qc2 h6 39. Ngxf4
exf4 40. e5 Qd8 41. Nxf4 Bxe5 42. Qxg6+ Bg7 43. Nh5 Re7 44. Bxh6 Be8 45.
Nf6+ Kf8 46. Qh7 1-0

[Event "4th Kolkata Open"]
[Site "Kolkata IND"]
[Date "2009.09.01"]
[Round "1"]
[White "Praveen Kumar,C1"]
[Black "Mamedov,Rau"]
[Result "0-1"]
[WhiteElo "2354"]
[BlackElo "2626"]
[EventDate "2009.09.01"]

1. d4 g6 2. c4 Bg7 3. e4 d6 4. Nc3 Nc6 5. Be3 e5 6. Nge2 exd4 7. Nxd4 Nge7
8. Be2 O-O 9. O-O f5 10. exf5 Bxd4 11. Bxd4 Nxf5 12. Be3 Nxe3 13. fxe3 Be6
14. e4 Qg5 15. Nd5 Bh3 16. Rxf8+ Rxf8 17. Bf1 Ne5 18. Qe2 Ng4 19. Qd3 Qe5
20. Ne7+ Qxe7 21. gxh3 Ne5 22. Qd5+ Kh8 23. Bg2 Qg5 24. Qd4 Rf6 25. Qc3 Rf3
26. Qd4 Rxh3 27. Rf1 c5 28. Qxd6 Nf3+ 29. Kf2 Qh4+ 30. Ke3 Ne5+ 31. Ke2
Re3+ 32. Kxe3 0-1

[Event "4th Kolkata Open"]
[Site "Kolkata IND"]
[Date "2009.09.01"]
[Round "1"]
[White "Dutta,J"]
[Black "Mchedlishvili,M"]
[Result "0-1"]
[WhiteElo "2346"]
[BlackElo "2613"]
[EventDate "2009.09.01"]

1. d4 Nf6 2. c4 e6 3. Nc3 Bb4 4. Qc2 c5 5. dxc5 Qc7 6. Nf3 a6 7. e3 Bxc5 8.
Be2 b6 9. b3 Bb7 10. Bb2 Nc6 11. Rc1 O-O 12. O-O Ne7 13. Na4 Ng6 14. Nxc5
bxc5 15. Qc3 d6 16. Rfd1 a5 17. Nd2 Ne8 18. Nb1 Qe7 19. Nd2 f5 20. Bf3 Bxf3
21. Nxf3 e5 22. Qd2 Ra6 23. Bc3 f4 24. e4 Nf6 25. Re1 Rfa8 26. Rb1 Qb7 27.
Qd3 Rb6 28. Nd2 Nf8 29. Qh3 Qf7 30. a3 Qb7 31. f3 Kf7 32. g4 Ne6 33. Qg2 g5
34. Kf2 h5 35. h3 a4 36. b4 cxb4 37. axb4 a3 38. Qf1 a2 39. Ra1 Rxb4 40.
Bxb4 Qxb4 41. Qe2 Nd4 42. Qd1 Ra3 43. Qc1 Rc3 44. Qd1 Rc2 45. Re2 0-1

[Event "4th Kolkata Open"]
[Site "Kolkata IND"]
[Date "2009.09.01"]
[Round "1"]
[White "Anwesh,U"]
[Black "Le Quang Liem"]
[Result "0-1"]
[WhiteElo "2339"]
[BlackElo "2602"]
[EventDate "2009.09.01"]

1. e4 c5 2. Nf3 d6 3. c3 Nf6 4. Bb5+ Bd7 5. Bxd7+ Qxd7 6. d3 Nc6 7. O-O e6
8. Qe2 Be7 9. d4 O-O 10. dxc5 dxc5 11. Bf4 Rfd8 12. Na3 Qd3 13. Rfe1 Nh5
14. Qxd3 Rxd3 15. Be3 Nf6 16. Bf4 h6 17. Ne5 Nxe5 18. Bxe5 Rad8 19. Kf1 a6
20. Bc7 Rc8 21. Be5 Nd7 22. Bf4 c4 23. Nc2 Nc5 24. f3 Na4 25. Rab1 Rcd8 26.
Rec1 Bf6 27. Ne1 R3d7 28. Ke2 b5 29. Rc2 g5 30. Be3 Bg7 31. Rbc1 b4 32.
cxb4 Bxb2 33. Rxc4 Bxc1 34. Rxc1 Nb2 35. Rc2 Nd3 36. Nxd3 Rxd3 37. Bb6 R8d7
38. a4 Ra3 39. a5 Rb3 40. Bc5 f5 41. exf5 exf5 42. h3 Kf7 43. Kf2 Rd1 44.
Ke2 Rdb1 45. Kd2 Ke6 46. Bf8 Rg1 47. Rc6+ Kd7 48. Rxa6 Rxg2+ 49. Kc1 Rxf3
50. Rd6+ Ke8 51. Bxh6 Rc3+ 52. Kb1 Rxh3 0-1

[Event "4th Kolkata Open"]
[Site "Kolkata IND"]
[Date "2009.09.01"]
[Round "1"]
[White "Gopal,G"]
[Black "Zozulia,A"]
[Result "1-0"]
[WhiteElo "2598"]
[BlackElo "2338"]
[EventDate "2009.09.01"]

1. e4 c5 2. Nf3 Nc6 3. Nc3 d6 4. d4 cxd4 5. Nxd4 e5 6. Nf3 Be7 7. Bc4 Be6
8. Bb3 Nf6 9. Bg5 O-O 10. Bxf6 Bxf6 11. Nd5 Bxd5 12. Bxd5 Na5 13. c3 Rc8
14. O-O b5 15. Qe2 Qb6 16. a3 Nb7 17. Bxb7 Qxb7 18. Rfd1 Be7 19. a4 a6 20.
axb5 axb5 21. Rd5 Ra8 22. Rad1 Ra4 23. b3 Ra5 24. c4 Qb6 25. b4 Ra3 26.
Rxb5 Qc6 27. Rbd5 Rc8 28. c5 dxc5 29. Nxe5 Qe6 30. bxc5 h6 31. c6 Rc3 32.
Qb2 Rc5 33. Rxc5 Bxc5 34. Qb7 1-0

[Event "4th Kolkata Open"]
[Site "Kolkata IND"]
[Date "2009.09.02"]
[Round "2"]
[White "Short,N"]
[Black "Kostenko,P"]
[Result "1-0"]
[WhiteElo "2706"]
[BlackElo "2491"]
[EventDate "2009.09.01"]

1. e4 c5 2. Nf3 e6 3. g3 Nc6 4. Bg2 g6 5. d4 cxd4 6. Nxd4 a6 7. Nxc6 bxc6
8. O-O d6 9. c4 Bg7 10. Qd3 Ra7 11. Nc3 Ne7 12. Bf4 Rd7 13. Rad1 Bb7 14. c5
d5 15. Rfe1 O-O 16. Bd6 dxe4 17. Nxe4 Re8 18. Qb3 Nd5 19. Bf4 Nxf4 20. gxf4
Ba8 21. Nd6 Rf8 22. Bh3 Qh4 23. Rxe6 fxe6 24. Bxe6+ Kh8 25. Bxd7 Qxf4 26.
Qe3 Qa4 27. b3 Qxa2 28. Be6 Qc2 29. Nf7+ Kg8 30. Rd7 Qb2 31. Ne5+ 1-0

[Event "4th Kolkata Open"]
[Site "Kolkata IND"]
[Date "2009.09.02"]
[Round "2"]
[White "Sengupta,D"]
[Black "Guseinov,G"]
[Result "1/2-1/2"]
[WhiteElo "2494"]
[BlackElo "2667"]
[EventDate "2009.09.01"]

1. e4 c5 2. c3 g6 3. d4 cxd4 4. cxd4 d5 5. exd5 Nf6 6. Nc3 Nxd5 7. Qb3 Nb6
8. Bb5+ Bd7 9. Nf3 Bg7 10. a4 Bxb5 11. axb5 O-O 12. O-O N8d7 13. Ne4 Nf6
14. Nc5 Qd5 15. Qb4 Qd6 16. Qb3 Qd5 17. Qb4 e6 18. Re1 Nbd7 19. Be3 Rfc8
20. Rec1 Bf8 21. Qd2 b6 22. Nxd7 Rxc1+ 23. Rxc1 Qxd7 24. Qd3 Rc8 25. Rxc8
Qxc8 26. Qc3 Qe8 27. Ne5 Qxb5 28. Qc7 Qe8 29. Qxa7 Nd5 30. Qb7 h5 31. h3
Bg7 32. Nc6 Bf8 33. Bd2 Bd6 34. b4 Bc7 35. b5 Kg7 36. h4 Qd7 37. Qa8 Bf4
38. Bxf4 Nxf4 39. Qb8 Nd5 40. Qe5+ Kh7 41. Qb8 Kg7 42. Qe5+ Kh7 43. Qb8
1/2-1/2

[Event "4th Kolkata Open"]
[Site "Kolkata IND"]
[Date "2009.09.02"]
[Round "2"]
[White "Ganguly,S"]
[Black "Laxman,R"]
[Result "1-0"]
[WhiteElo "2634"]
[BlackElo "2486"]
[EventDate "2009.09.01"]

1. e4 e5 2. Nf3 Nf6 3. Nxe5 d6 4. Nf3 Nxe4 5. d4 d5 6. Bd3 Bd6 7. O-O O-O
8. c4 c6 9. Re1 Re8 10. Nc3 Nxc3 11. bxc3 Rxe1+ 12. Qxe1 Qe7 13. Bf4 Be6
14. Bxd6 Qxd6 15. Bxh7+ Kh8 16. Ng5 1-0

[Event "4th Kolkata Open"]
[Site "Kolkata IND"]
[Date "2009.09.02"]
[Round "2"]
[White "Himanshu,Sh"]
[Black "Laznicka,V"]
[Result "1-0"]
[WhiteElo "2471"]
[BlackElo "2634"]
[EventDate "2009.09.01"]

1. e4 c5 2. Nc3 e6 3. Nf3 a6 4. d4 cxd4 5. Nxd4 Nc6 6. Nxc6 bxc6 7. Bd3 d5
8. O-O Nf6 9. Qe2 Be7 10. b3 O-O 11. Bb2 d4 12. Na4 e5 13. f4 c5 14. Bc1
Bg4 15. Qf2 exf4 16. Bxf4 Be6 17. Nb2 Ng4 18. Qe2 Bg5 19. Nc4 Bxf4 20. Rxf4
Bxc4 21. Qxg4 Be6 22. Qh5 Qe7 23. Raf1 g6 24. Qe5 Rfe8 25. Rf6 Ra7 26. Qg5
a5 27. h4 c4 28. bxc4 Bc8 29. Qf4 Qe5 30. Rxf7 Qxf4 31. R7xf4 Be6 32. Rb1
Rc8 33. e5 Bxc4 34. a4 Rc5 35. Rxd4 Bxd3 36. cxd3 Rxe5 37. Rb8+ Kg7 38.
Rbd8 Rf7 39. R8d7 Re1+ 40. Kh2 Ra1 41. Kg3 Rxd7 42. Rxd7+ Kf6 43. Rd4 Ke5
44. Re4+ Kd5 45. Kf3 Rf1+ 46. Ke2 Ra1 47. Rg4 Ke6 48. Ke3 Ra2 49. g3 Kd6
50. Re4 Rg2 51. Kf4 Rd2 52. Rd4+ Ke6 53. Re4+ Kd6 54. Re5 Rxd3 55. Rxa5 Ra3
56. Ra7 h5 57. Ra6+ Ke7 58. Rxg6 Rxa4+ 59. Kg5 Ra5+ 60. Kh6 Kf7 61. Rg5 1-0

[Event "4th Kolkata Open"]
[Site "Kolkata IND"]
[Date "2009.09.02"]
[Round "2"]
[White "Mchedlishvili,M"]
[Black "Konguvel,P"]
[Result "1/2-1/2"]
[WhiteElo "2613"]
[BlackElo "2440"]
[EventDate "2009.09.01"]

1. c4 c5 2. Nc3 e6 3. Nf3 d5 4. cxd5 exd5 5. d4 Nc6 6. Bf4 Nf6 7. e3 Be7 8.
dxc5 Bxc5 9. Be2 O-O 10. O-O Be6 11. Rc1 Rc8 12. a3 Be7 13. Nd4 a6 14. Nxc6
Rxc6 15. Be5 Nd7 16. Bd4 Nb6 17. Qb3 Qd7 18. Bf3 Nc4 19. Rfd1 Rd8 20. Qa2
Qc7 21. g3 b5 22. Qb1 Bc5 23. Ne2 Qd7 24. Nf4 Rdc8 25. Rc3 Bxd4 26. exd4
Bf5 27. Qa1 Be4 28. Bxe4 dxe4 29. Qc1 h6 30. d5 Rd6 31. b3 Nb6 32. Rxc8+
Qxc8 33. Qe3 g5 34. Ne2 Nxd5 35. Qxe4 Nf6 36. Qb1 Qe6 37. Rxd6 Qxd6 38. Qc1
Ne4 39. Qc8+ Kg7 40. Qc2 Qe5 41. Kg2 Qd5 42. f3 Nc5 43. Qc3+ f6 44. Nd4 Ne6
45. Nxe6+ 1/2-1/2

[Event "4th Kolkata Open"]
[Site "Kolkata IND"]
[Date "2009.09.02"]
[Round "2"]
[White "Satyapragyan,S"]
[Black "Sandipan,C"]
[Result "0-1"]
[WhiteElo "2439"]
[BlackElo "2611"]
[EventDate "2009.09.01"]

1. e4 c5 2. Nf3 d6 3. d4 cxd4 4. Nxd4 Nf6 5. Nc3 a6 6. Be3 e6 7. Be2 Be7 8.
O-O O-O 9. f4 Nc6 10. Kh1 Bd7 11. Qe1 b5 12. a3 Qb8 13. Bd3 b4 14. Nxc6
Bxc6 15. axb4 Qxb4 16. Ra3 Qb7 17. Rb3 Qc7 18. Bd4 e5 19. fxe5 dxe5 20. Qg3
Nd7 21. Nd5 Bxd5 22. exd5 Qd6 23. Be3 g6 24. c4 Rab8 25. Rxb8 Rxb8 26. Qf2
f5 27. Qc2 Nc5 28. Ra1 Qf6 29. Bf1 f4 30. Bg1 Qb6 31. Rd1 Bd6 32. Qe2 a5
33. Qg4 Re8 34. h4 Qc7 35. h5 Ne4 36. hxg6 h5 37. Qh3 Kg7 38. Rd3 Bc5 39.
Qf5 Nd6 40. Qg5 Bxg1 41. Rh3 Ne4 42. Qxh5 Ng3+ 43. Rxg3 Rh8 44. Qxh8+ Kxh8
45. Rh3+ Kg8 46. Bd3 Bb6 47. Rh7 Qc5 48. Kh2 Qg1+ 49. Kh3 Qe3+ 0-1

[Event "4th Kolkata Open"]
[Site "Kolkata IND"]
[Date "2009.09.02"]
[Round "2"]
[White "Le Quang Liem"]
[Black "Roy Chowdhury,S"]
[Result "1/2-1/2"]
[WhiteElo "2602"]
[BlackElo "2436"]
[EventDate "2009.09.01"]

1. d4 Nf6 2. Nf3 d5 3. c4 e6 4. Nc3 Be7 5. Bg5 O-O 6. e3 h6 7. Bh4 Ne4 8.
Bxe7 Qxe7 9. Rc1 c6 10. Qc2 Nxc3 11. Qxc3 Nd7 12. Bd3 dxc4 13. Bxc4 b6 14.
O-O c5 15. Qa3 Bb7 16. Be2 e5 17. dxc5 Nxc5 18. Rfd1 Bxf3 19. Bxf3 e4 20.
Be2 Rad8 21. Rd4 Rxd4 22. exd4 Qg5 23. Qe3 Ne6 24. Rd1 Qd5 25. f3 exf3 26.
Bxf3 Qxa2 27. d5 Ng5 28. Bg4 Qa4 29. h3 f5 30. Bh5 Ne4 31. Rc1 Qd7 32. Qd4
Rc8 33. Rxc8+ Qxc8 34. Qe5 Qc5+ 35. Kh1 Qd6 36. Qe8+ Kh7 37. Bf7 Ng3+ 38.
Kh2 Ne4+ 39. Kh1 Ng3+ 40. Kg1 Qc5+ 41. Kh2 Nf1+ 42. Kh1 Ng3+ 1/2-1/2

[Event "4th Kolkata Open"]
[Site "Kolkata IND"]
[Date "2009.09.02"]
[Round "2"]
[White "Vidit,S"]
[Black "Gopal,G"]
[Result "1-0"]
[WhiteElo "2423"]
[BlackElo "2598"]
[EventDate "2009.09.01"]

1. d4 g6 2. c4 Bg7 3. Nf3 c5 4. d5 d6 5. e4 e6 6. h3 Nf6 7. Nc3 O-O 8. Bd3
Na6 9. Bg5 h6 10. Be3 exd5 11. cxd5 b5 12. O-O b4 13. Nb1 c4 14. Bxc4 Nxe4
15. Nbd2 Nec5 16. Nd4 Re8 17. Rc1 Bb7 18. N2b3 Rc8 19. Nc6 Qb6 20. Nba5
Bxc6 21. Nxc6 Nb8 22. Qd2 Nxc6 23. dxc6 Qxc6 24. Bd5 Qd7 25. Rc4 h5 26.
Rxb4 Rb8 27. Rxb8 Rxb8 28. b3 Qf5 29. Rd1 Be5 30. Qa5 Ne6 31. Qxa7 Rf8 32.
Qa4 Nf4 33. Bxf4 Bxf4 34. Qe4 Qf6 35. b4 Kg7 36. a4 Be5 37. a5 Qd8 38. Qc4
Qb8 39. Rc1 Qa7 40. a6 Bd4 41. Rc2 h4 42. Re2 Bf6 43. b5 Rb8 44. Bb7 Qb6
45. Qa4 Rd8 46. Bc6 Bd4 47. Rd2 Bc3 48. Rd3 Qc5 49. a7 Be1 50. Qa1+ 1-0

[Event "4th Kolkata Open"]
[Site "Kolkata IND"]
[Date "2009.09.02"]
[Round "2"]
[White "Shyam,N"]
[Black "Safarli,E"]
[Result "0-1"]
[WhiteElo "2410"]
[BlackElo "2587"]
[EventDate "2009.09.01"]

1. e4 e5 2. Nf3 Nc6 3. Bb5 a6 4. Ba4 d6 5. O-O Bd7 6. d4 exd4 7. Nxd4 b5 8.
Nxc6 Bxc6 9. Bb3 Nf6 10. c4 Be7 11. Re1 O-O 12. Nc3 Rb8 13. Qc2 Ba8 14. Bf4
Nh5 15. Be3 Bg5 16. Rad1 b4 17. Nd5 Bxe3 18. Rxe3 c6 19. Rh3 g6 20. Ne3 c5
21. Rxh5 gxh5 22. Nf5 Qf6 23. f3 Rb6 24. Qf2 Kh8 25. Rd2 Bb7 26. Bd1 a5 27.
Qg3 Bc8 28. Nxd6 h4 29. e5 hxg3 30. exf6 gxh2+ 31. Kxh2 Kg8 32. Ne4 Bf5 33.
Nxc5 Rxf6 34. g4 Rc8 35. Rd5 Be6 36. Re5 Rd8 37. Be2 Rd2 38. Kg3 Rxb2 39.
Bd3 Rxa2 40. g5 Rg6 41. Bxg6 hxg6 42. Nxe6 fxe6 43. Rb5 Kf7 44. Kf4 Ke7 45.
Ke5 Re2+ 46. Kd4 Kd6 47. Rxa5 Rd2+ 48. Ke3 Rc2 49. Ra6+ Kc5 50. Rxe6 b3 51.
Kd3 Rxc4 52. Re5+ Kb4 53. Re6 Rc3+ 54. Ke4 b2 55. Rb6+ Ka3 56. Ra6+ Kb3 57.
Kd4 Rc4+ 0-1

[Event "4th Kolkata Open"]
[Site "Kolkata IND"]
[Date "2009.09.02"]
[Round "2"]
[White "Gupta,Ab"]
[Black "Saptarshi,R"]
[Result "1-0"]
[WhiteElo "2584"]
[BlackElo "2389"]
[EventDate "2009.09.01"]

1. d4 d5 2. c4 e6 3. Nc3 Nf6 4. Nf3 c6 5. g3 Be7 6. Bg2 O-O 7. O-O b6 8. b3
Nbd7 9. Bb2 Bb7 10. Qc2 Rc8 11. e4 c5 12. exd5 exd5 13. Rfd1 Qc7 14. cxd5
Nxd5 15. Nxd5 Bxd5 16. dxc5 Ba8 17. Rac1 bxc5 18. Qf5 Nf6 19. Be5 Qb6 20.
Re1 h6 21. Nd2 Rfd8 22. Nc4 Bxg2 23. Kxg2 Qc6+ 24. Qf3 Qxf3+ 25. Kxf3 Nd5
26. Rcd1 Bf8 27. Rd2 Nb4 28. Red1 Rxd2 29. Rxd2 Re8 30. Bc3 Nc6 31. Rd7 Re6
32. Ne3 g6 33. Rd5 Nb4 34. Bxb4 cxb4 35. Ra5 Rf6+ 36. Ke2 a6 37. Nd5 Re6+
38. Kd3 Re1 39. Nf6+ Kg7 40. Rxa6 Rd1+ 41. Ke2 Rd8 42. g4 Rc8 43. Ne4 Re8
44. Kf3 Rd8 45. Kg2 Rd3 46. h4 Be7 47. h5 Rd4 48. Kf3 Rd3+ 49. Ke2 Rd7 50.
Ke3 gxh5 51. gxh5 Rd5 52. Ng3 Rg5 53. Kf4 Bf8 54. Rc6 Kh8 55. Nf5 Kh7 56.
Rc7 Rxh5 57. Rxf7+ Kg8 58. Rc7 Rg5 59. Rc2 Kf7 60. Rc6 Rg2 61. Kf3 Rh2 62.
Ne3 h5 63. Rc4 Rh1 64. Rf4+ Kg8 65. Nc2 h4 66. Kg2 1-0

[Event "4th Kolkata Open"]
[Site "Kolkata IND"]
[Date "2009.09.02"]
[Round "2"]
[White "Mamedov,Rau"]
[Black "Thejkumar,M"]
[Result "1-0"]
[WhiteElo "2626"]
[BlackElo "2467"]
[EventDate "2009.09.01"]

1. e4 c6 2. c4 d5 3. exd5 cxd5 4. d4 Nf6 5. Nc3 Be6 6. c5 Nc6 7. Bb5 g6 8.
Nf3 Bg7 9. O-O O-O 10. h3 Ne4 11. Re1 Nxc3 12. bxc3 Bd7 13. Rb1 b6 14. Ba3
Re8 15. c4 bxc5 16. Qa4 dxc4 17. Bxc6 Bxc6 18. Qxc6 Rc8 19. Qa6 cxd4 20.
Rxe7 d3 21. Rd1 Bf8 22. Rxe8 Qxe8 23. Bxf8 Qxf8 24. Ne5 Qc5 25. Qf6 Qf8 26.
Nd7 Qd8 27. Qd4 c3 28. Qxd3 Qe7 29. Qd4 c2 30. Rc1 Rc6 31. Qxa7 Kg7 32.
Qd4+ f6 33. Qd2 Rd6 34. Qxc2 Qxd7 35. a4 Rd2 36. Qc7 Qxc7 37. Rxc7+ Kh6 38.
a5 Ra2 39. Rc5 g5 40. g4 Kg6 41. Kf1 Ra3 42. Kg2 h5 43. Rf5 Ra4 44. f3 Ra2+
45. Kf1 Rh2 46. Kg1 Ra2 47. Rc5 hxg4 48. hxg4 Kh6 49. Rb5 Kg6 50. Kf1 Kf7
51. Ke1 Ke6 52. Kd1 Ke7 53. Kc1 Re2 54. Kb1 Re6 55. Kc2 Kd7 56. Kd3 Kc6 57.
Kc4 Rd6 58. Rc5+ Kb7 59. Rd5 Re6 60. Kb5 Re3 61. Rf5 Re6 62. Kc4 Rd6 63.
Rb5+ Kc7 64. Rb6 1-0

[Event "4th Kolkata Open"]
[Site "Kolkata IND"]
[Date "2009.09.03"]
[Round "3"]
[White "Rahman,Zia"]
[Black "Ganguly,S"]
[Result "1/2-1/2"]
[WhiteElo "2554"]
[BlackElo "2634"]
[EventDate "2009.09.01"]

1. d4 d5 2. Nf3 Nf6 3. e3 e6 4. Bd3 c5 5. c3 Nc6 6. Nbd2 Bd6 7. O-O O-O 8.
dxc5 Bxc5 9. b4 Bd6 10. Bb2 Qc7 11. b5 Na5 12. c4 dxc4 13. Rc1 e5 14. Nxc4
Nxc4 15. Bxc4 Bg4 16. h3 Bh5 17. Be2 Qe7 18. Nd2 Bxe2 19. Qxe2 Rfd8 20. Nc4
1/2-1/2

[Event "4th Kolkata Open"]
[Site "Kolkata IND"]
[Date "2009.09.03"]
[Round "3"]
[White "Safarli,E"]
[Black "Himanshu,Sh"]
[Result "1-0"]
[WhiteElo "2587"]
[BlackElo "2471"]
[EventDate "2009.09.01"]

1. e4 c5 2. Nf3 e6 3. Nc3 Nc6 4. Bb5 Nge7 5. O-O a6 6. Bxc6 Nxc6 7. d4 cxd4
8. Nxd4 d6 9. Re1 Be7 10. Nxc6 bxc6 11. Qg4 Bf6 12. e5 dxe5 13. Ne4 h5 14.
Qg3 h4 15. Qg4 Ra7 16. Be3 Rd7 17. Bc5 g6 18. Qf3 Be7 19. Bxe7 Rxe7 20.
Rad1 Qc7 21. Nd6+ Kf8 22. Qf6 Rh5 23. Rxe5 Rd7 24. Rxh5 gxh5 25. Qh8+ Ke7
26. Nf5+ 1-0

[Event "4th Kolkata Open"]
[Site "Kolkata IND"]
[Date "2009.09.03"]
[Round "3"]
[White "Hossain,Enam"]
[Black "Gupta,Ab"]
[Result "1-0"]
[WhiteElo "2516"]
[BlackElo "2584"]
[EventDate "2009.09.01"]

1. e4 e5 2. Nf3 Nc6 3. Bb5 a6 4. Ba4 Nf6 5. O-O Bc5 6. c3 b5 7. Bc2 d5 8.
d4 dxe4 9. dxe5 Qxd1 10. Rxd1 Bxf2+ 11. Kf1 Ng4 12. Bxe4 Bb7 13. h3 Ne3+
14. Bxe3 Bxe3 15. a4 O-O 16. axb5 axb5 17. Rxa8 Bxa8 18. Na3 b4 19. Nc2 Bf4
20. Bxc6 Bxc6 21. Nxb4 Bxf3 22. gxf3 Bxe5 23. Nc6 Bd6 24. b4 f5 25. b5 Rf6
26. Rd5 Re6 27. c4 g6 28. c5 Bg3 29. Kg2 Bf4 30. Nb4 Bg5 31. c6 Kf8 32. b6
cxb6 33. c7 Re8 34. Rd7 Bf4 35. Rxh7 Be5 36. Nd5 b5 37. Ne7 Bxc7 38. Nxg6+
Kg8 39. Rxc7 b4 40. Rb7 Re2+ 41. Kg3 Rb2 42. h4 b3 43. h5 Rb1 44. Kf4 1-0

[Event "4th Kolkata Open"]
[Site "Kolkata IND"]
[Date "2009.09.03"]
[Round "3"]
[White "Kunte,A"]
[Black "Malakhatko,V"]
[Result "1/2-1/2"]
[WhiteElo "2515"]
[BlackElo "2569"]
[EventDate "2009.09.01"]

1. d4 d5 2. c4 dxc4 3. Nf3 a6 4. e3 b5 5. a4 Bb7 6. b3 e6 7. bxc4 bxc4 8.
Bxc4 Nf6 9. Qb3 Bxf3 10. gxf3 c5 11. dxc5 Bxc5 12. Ba3 Nbd7 13. Ke2 O-O 14.
Nd2 Bxa3 15. Qxa3 Ne5 16. Ba2 Ra7 17. Rhd1 Rd7 18. Nc4 Nxc4 19. Bxc4 Qc8
20. Rxd7 1/2-1/2

[Event "4th Kolkata Open"]
[Site "Kolkata IND"]
[Date "2009.09.03"]
[Round "3"]
[White "Karthikeyan,P"]
[Black "Postny,E"]
[Result "1/2-1/2"]
[WhiteElo "2449"]
[BlackElo "2651"]
[EventDate "2009.09.01"]

1. d4 Nf6 2. c4 e6 3. Nf3 b6 4. g3 Ba6 5. b3 b5 6. cxb5 Bxb5 7. Bg2 Bb4+ 8.
Bd2 a5 9. O-O d5 10. a3 Bxd2 11. Qxd2 Nbd7 12. Nc3 Ba6 13. b4 axb4 14. axb4
Bc4 15. Qc2 O-O 16. Nd2 Nb6 17. Ra5 Qe7 18. Rb1 Rab8 19. e3 Nfd7 20. Bf3 c6
21. Be2 Bxe2 22. Nxe2 Rfc8 23. Nf4 e5 24. Nd3 exd4 25. exd4 Qf6 26. Qc3 Re8
27. Re1 Rxe1+ 28. Nxe1 Re8 29. Nef3 h6 30. Ra6 Qe6 31. Ra1 Qd6 32. Rc1 Re6
33. Kg2 Qe7 34. Nb3 Na4 35. Qd2 Re2 36. Re1 Rxe1 37. Nxe1 Nf6 38. Nd3 Nb6
39. Qe1 Qxe1 1/2-1/2